000
00196 a2200097 4500
001
22999
100
_a
Barker, L M
245
_a
Pears Encyclopedia
260
_a
_b
Pears
_c
090
_c
15552
_d
15552
942
_a
NUST-CAE
_c
M
_c
6172
999
_c
258072
_d
258072